书目信息 |
| 题名: |
石漠化植被恢复科学研究
|
|
| 作者: | 姚小华 , 任华东 , 李生 编著 | |
| 分册: | ||
| 出版信息: | 北京 科学出版社 2012.1 |
|
| 页数: | 373页 | |
| 开本: | 26cm | |
| 丛书名: | ||
| 单 册: | ||
| 中图分类: | P941.73 , Q948.15 | |
| 科图分类: | ||
| 主题词: | 沙漠化--植被--恢复--科学研究 | |
| 电子资源: | ||
| ISBN: | 978-7-03-035724-3 | |
| 000 | 01415nam0 2200265 45 | |
| 001 | 1354547718 | |
| 005 | 20130510095021.59 | |
| 010 | @a978-7-03-035724-3@dCNY110.00 | |
| 100 | @a20130108d2012 ekmy0chiy0121 ea | |
| 101 | 0 | @achi |
| 102 | @aCN@b110000 | |
| 105 | @ay z 000yy | |
| 106 | @ar | |
| 200 | 1 | @a石漠化植被恢复科学研究@AShi Mo Hua Zhi Bei Hui Fu Ke Xue Yan Jiu@f姚小华,任华东,李生等编著@FYao Xiao Hua, Ren Hua Dong, Li Sheng Deng Bian Zhu |
| 210 | @a北京@c科学出版社@d2012.1 | |
| 215 | @a373页@d26cm | |
| 330 | @a本书系统总结了作者所主持的2002年以来石漠化的科研试验结果。全书分为四篇,第一篇研究了石漠化山区造林树种幼苗的抗旱性,为该地区人工林的营造提供了依据;第二篇重点对桂西、黔中和滇东三地主要植被恢复模式的主要特征进行了研究,为石漠化治理提供了理论依据;第三篇研究了滇东、黔中和桂西三个典型喀斯特石漠化地区植被的季相变化、石漠化特征、土壤特性和气象特点,揭示了植被盖度的季相变化与石漠化的动态规律,为当地石漠化治理,以及林业和生态规划提供了科学依据,为生态恢复和经济发展提供了技术和理论支撑;第四篇对滇东高原石漠化典型地区的不同植被恢复模式特征进行了研究,为石漠化生态环境的恢复和治理提供理论支持。 | |
| 606 | 0 | @a沙漠化@x植被@x恢复@x科学研究 |
| 690 | @aP941.73@v5 | |
| 690 | @aQ948.15@v5 | |
| 701 | 0 | @a姚小华@AYao Xiao Hua@4编著 |
| 701 | 0 | @a任华东@ARen Hua Dong@4编著 |
| 701 | 0 | @a李生@ALi Sheng@4编著 |
| 801 | @aCN@bTANGWEI@c20130109 | |
| 905 | @b0830803-05@dP941.73@e140@f3 | |
| 石漠化植被恢复科学研究/姚小华,任华东,李生等编著.-北京:科学出版社,2012.1 |
| 373页;26cm |
| ISBN 978-7-03-035724-3:CNY110.00 |
| 本书系统总结了作者所主持的2002年以来石漠化的科研试验结果。全书分为四篇,第一篇研究了石漠化山区造林树种幼苗的抗旱性,为该地区人工林的营造提供了依据;第二篇重点对桂西、黔中和滇东三地主要植被恢复模式的主要特征进行了研究,为石漠化治理提供了理论依据;第三篇研究了滇东、黔中和桂西三个典型喀斯特石漠化地区植被的季相变化、石漠化特征、土壤特性和气象特点,揭示了植被盖度的季相变化与石漠化的动态规律,为当地石漠化治理,以及林业和生态规划提供了科学依据,为生态恢复和经济发展提供了技术和理论支撑;第四篇对滇东高原石漠化典型地区的不同植被恢复模式特征进行了研究,为石漠化生态环境的恢复和治理提供理论支持。 |
| ● |
| 相关链接 |
|
|
|
|
正题名:石漠化植被恢复科学研究
索取号:P941.73/140
 
预约/预借
| 序号 | 登录号 | 条形码 | 馆藏地/架位号 | 状态 | 备注 |
| 1 | 0830803 | 208308035 | 第二样本阅览室/ [索取号:P941.73/140] | 在馆 | |
| 2 | 0830804 | 208308044 | 第三借阅区/ [索取号:P941.73/140] | 在馆 | |
| 3 | 0830805 | 208308053 | 第三借阅区/ [索取号:P941.73/140] | 在馆 |